=LDR 00000nam 2200000 4500 =001 INLIS000000000008295 =005 20200819092451 =035 ##$$a 0010-061300000008295 =008 200819################g##########0#ind## =041 ##$$a Ind =082 ##$$a 2x7.32 =090 ##$$a 2x7.32, Pen p =245 1#$$a Pendidikan agama dan akhlak bagi anak dan remaja /$c Prof. Dr. Ir. Andi hakim Nasoetion [...et.al] ; editor, Rama Furqona =260 ##$$a Jakarta :$b Logos wacana Ilmu,$c 2002 =300 ##$$a x, 153 hlm. ; $c 21 x 14 cm. =650 #4$$a Pendidikan agama islam =700 #$$a Furqona, Rama =850 ##$$a NBPNMAT =020 ##$$a 979-626-135-9 =084 ##$$a 2x7.32 PEN p =250 ##$$a cet. 1 =100 #$$a Pendidikan agama dan akhlak bagi anak dan remaja / =990 ##$$a DW00028496 =990 ##$$a 171.811/pb-2002 =990 ##$$a DW00028498 =990 ##$$a 171.813/Pb.2002 =990 ##$$a 171.810/pb.2002